00570cam a22001573 450000500170000000800410001702000180005803500210007604000500009704100080014724500570015526000610021230000530027350400530032670000330037920150811073914.01508 s2013 enkao fr 001 0 eng d a9781107062344 a(OCoLC)858660418 aCO-BoUCMbspacSandra PalaciodSandra Palacio0 aeng00aPediatric emergency and critical care and ultrasound aCambridge (Inglaterra)bCambridge university pressc2013 axii, 356 páginascilustraciones, fotografías aIncluye referencias bibliográficas e índices aStephanie J. Donigereeditor